| 000 | 00981cab a2200301 4500 | ||
|---|---|---|---|
| 001 | ABS46763 | ||
| 008 | 090401t1992 xxu||||| |||| 00| 0 eng d | ||
| 035 | _a(Sirsi) u59441 | ||
| 041 | _aeng | ||
| 100 | _aMonckton, A. | ||
| 245 | _aHousing Act 1988: a practitioners` view | ||
| 260 | _c1992 | ||
| 350 | _a0 | ||
| 490 |
_aCS Monthly : Rural Practice _v1(10) July 1992, 7-8(2) |
||
| 520 | _aReviews the Housing Act 1988 and its effect on the management of rural property covering assured and assured shorthold tenancies. References. | ||
| 650 | _aPROPERTY-LANDLORD AND TENANT-TENANCIES-AGRICULTURAL TENANCIES | ||
| 650 | _aASSURED SHORTHOLD TENANCIES | ||
| 650 | _aASSURED TENANCIES | ||
| 650 | _aFORMS | ||
| 650 | _aHOUSING ACT 1988 | ||
| 650 | _aRENT (AGRICULTURE) ACT 1976 | ||
| 650 | _aRENT ACT 1977 | ||
| 650 | _aSTUDENT LETS | ||
| 650 | _aVALUE ADDED TAX | ||
| 690 | _aLANDLORD AND TENANT-AGRICULTURAL TENANCIES | ||
| 942 | _n0 | ||
| 948 | _c04/03/1997 | ||
| 999 |
_c36472 _d36472 |
||